000 00277nam a22001337a 4500
008 171129b xxu||||| |||| 00| 0 eng d
020 _a9780739835456
041 _aeng
080 _a51
100 _a36
101 _aMAT
245 _aREFRESHER
_cSCHNELL,D
942 _2udc
_cBK
999 _c38616
_d38616